[Event "Kupreichik Memorial Open 2018"]
[Site "Minsk"]
[Date "2018.06.23"]
[Round "11"]
[White "Kalugin, Sergey G"]
[Black "Kalinin, Dmitry"]
[Result "1/2-1/2"]
[WhiteElo "2334"]
[BlackElo "1995"]
[Annotator "NA"]
[PlyCount "141"]
[EventDate "2018.06.21"]
[EventCountry "BLR"]
[SourceTitle "playchess.com"]
[Source "ChessBase"]
[SourceQuality "1"]
[TimeControl "900+10"]

1. e4 {[%emt 0:00:00]} e6 {[%emt 0:00:03]} 2. d3 {[%emt 0:00:00]} d5 {[%emt 0:00:23]} 3. Nd2 {[%emt 0:00:00]} Nf6 {[%emt 0:00:23]} 4. Ngf3 {[%emt 0:00:00]} Be7 {[%emt 0:00:21]} 5. g3 {[%emt 0:00:01]} O-O {[%emt 0:00:53]} 6. Bg2 {[%emt 0:00:01]} c5 {[%emt 0:00:08]} 7. O-O {[%emt 0:00:02]} Nc6 {[%emt 0:00:05]} 8. e5 {[%emt 0:00:27]} Nd7 {[%emt 0:00:12]} 9. Re1 {[%emt 0:00:01]} b5 {[%emt 0:00:17]} 10. Nf1 {[%emt 0:00:07]} Bb7 {[%emt 0:00:59]} 11. h4 {[%emt 0:00:05]} Qc7 {[%emt 0:00:13]} 12. Bf4 {[%emt 0:00:02]} Nd4 {[%emt 0:00:13]} 13. Ng5 {[%emt 0:03:35]} h6 {[%emt 0:00:53]} 14. Nh3 {[%emt 0:00:01]} Rfc8 {[%emt 0:00:46]} 15. Nh2 {[%emt 0:00:26]} Nf5 {[%emt 0:01:15]} 16. Ng4 {[%emt 0:01:09]} d4 {[%emt 0:01:47]} 17. Be4 {[%emt 0:00:04]} Qb6 {[%emt 0:03:08]} 18. Qd2 {[%emt 0:02:03]} Bf8 {[%emt 0:01:46]} 19. Nh2 {[%emt 0:01:31]} c4 {[%emt 0:00:16]} 20. Nf3 {[%emt 0:00:22]} c3 {[%emt 0:00:30]} 21. bxc3 {[%emt 0:00:10]} dxc3 {[%emt 0:00:02]} 22. Qe2 {[%emt 0:00:16]} Nc5 {[%emt 0:00:08]} 23. Bxb7 {[%emt 0:00:18]} Nxb7 {[%emt 0:00:24]} 24. g4 {[%emt 0:00:36]} Nd4 {[%emt 0:00:17]} 25. Nxd4 {[%emt 0:00:02]} Qxd4 {[%emt 0:00:02]} 26. Qf3 {[%emt 0:00:06]} Qd5 {[%emt 0:00:55]} 27. Qg3 {[%emt 0:00:37]} g6 {[%emt 0:00:20]} 28. Qe3 {[%emt 0:01:49]} Kh7 {[%emt 0:00:08]} 29. h5 {[%emt 0:01:19]} gxh5 {[%emt 0:00:17]} 30. gxh5 {[%emt 0:00:37]} Bc5 {[%emt 0:00:01]} 31. Qe4+ {[%emt 0:00:43]} Qxe4 {[%emt 0:00:10]} 32. Rxe4 {[%emt 0:00:02]} Rg8+ {[%emt 0:00:12]} 33. Kh2 {[%emt 0:00:29]} Nd8 {[%emt 0:00:31]} 34. Be3 {[%emt 0:00:46]} Bxe3 {[%emt 0:00:11]} 35. fxe3 {[%emt 0:00:03]} Nc6 {[%emt 0:00:08]} 36. Rb1 {[%emt 0:00:14]} a6 {[%emt 0:00:07]} 37. d4 {[%emt 0:00:09]} Rg7 {[%emt 0:00:06]} 38. Rf4 {[%emt 0:00:08]} Rag8 {[%emt 0:00:32]} 39. Rf2 {[%emt 0:00:01]} Ne7 {[%emt 0:00:24]} 40. Rb3 {[%emt 0:00:18]} Rc8 {[%emt 0:00:07]} 41. Nf4 {[%emt 0:00:19]} Nf5 {[%emt 0:00:14]} 42. Rf3 {[%emt 0:00:06]} Rg4 {[%emt 0:00:23]} 43. d5 {[%emt 0:00:34]} Nxe3 {[%emt 0:00:27]} 44. dxe6 {[%emt 0:00:01]} fxe6 {[%emt 0:00:38]} 45. Nxe6 {[%emt 0:00:02]} Rg2+ {[%emt 0:00:23]} 46. Kh3 {[%emt 0:00:08]} Re2 {[%emt 0:00:04]} 47. Nf4 {[%emt 0:00:14]} Re1 {[%emt 0:00:17]} 48. Ng6 {[%emt 0:00:02]} Rc4 {[%emt 0:00:28]} 49. Kg3 {[%emt 0:00:16]} Nxc2 {[%emt 0:00:38]} 50. Rbxc3 {[%emt 0:00:02]} Nd4 {[%emt 0:00:08]} 51. Rxc4 {[%emt 0:00:20]} bxc4 {[%emt 0:00:01]} 52. Rf7+ {[%emt 0:00:01]} Kg8 {[%emt 0:00:01]} 53. Rc7 {[%emt 0:00:02]} c3 {[%emt 0:00:05]} 54. Rxc3 {[%emt 0:01:22]} Ne2+ {[%emt 0:00:18]} 55. Kf2 {[%emt 0:00:01]} Nxc3 {[%emt 0:00:01]} 56. Kxe1 {[%emt 0:00:01]} Nxa2 {[%emt 0:00:01]} 57. Kd2 {[%emt 0:00:41]} Kf7 {[%emt 0:00:22]} 58. Kd3 {[%emt 0:00:04]} a5 {[%emt 0:00:20]} 59. Kc4 {[%emt 0:00:08]} Ke6 {[%emt 0:00:05]} 60. Kb5 {[%emt 0:00:19]} Nb4 {[%emt 0:00:04]} 61. Kc5 {[%emt 0:00:31]} Nc6 {[%emt 0:00:26]} 62. Kxc6 {[%emt 0:00:34]} a4 {[%emt 0:00:01]} 63. Nf4+ {[%emt 0:00:12]} Kxe5 {[%emt 0:00:02]} 64. Nd3+ {[%emt 0:00:00]} Kf5 {[%emt 0:00:25]} 65. Kd5 {[%emt 0:00:09]} Kg5 {[%emt 0:00:01]} 66. Ke4 {[%emt 0:00:01]} Kxh5 {[%emt 0:00:02]} 67. Kf5 {[%emt 0:00:01]} Kh4 {[%emt 0:00:02]} 68. Kf4 {[%emt 0:00:01]} h5 {[%emt 0:00:03]} 69. Nb4 {[%emt 0:00:03]} Kh3 {[%emt 0:00:04]} 70. Kf3 {[%emt 0:00:01]} h4 {[%emt 0:00:01]} 71. Na2 1/2-1/2

[Event "Kupreichik Memorial Open 2018"]
[Site "Minsk"]
[Date "2018.06.23"]
[Round "11"]
[White "Terletsky, Oleg"]
[Black "Kuznetsov, Mikhail V"]
[Result "0-1"]
[WhiteElo "2257"]
[BlackElo "2207"]
[Annotator "NA"]
[PlyCount "134"]
[EventDate "2018.06.21"]
[EventCountry "BLR"]
[SourceTitle "playchess.com"]
[Source "ChessBase"]
[SourceQuality "1"]
[TimeControl "900+10"]

1. e4 {[%emt 0:00:00]} c5 {[%emt 0:00:01]} 2. Nf3 {[%emt 0:00:00]} Nf6 {[%emt 0:00:01]} 3. Nc3 {[%emt 0:00:33]} d5 {[%emt 0:00:01]} 4. exd5 {[%emt 0:00:32]} Nxd5 {[%emt 0:00:02]} 5. Bb5+ {[%emt 0:00:05]} Bd7 {[%emt 0:00:02]} 6. Ne5 {[%emt 0:03:07]} Nf6 {[%emt 0:00:02]} 7. Qf3 {[%emt 0:03:08]} Qc8 {[%emt 0:00:02]} 8. Nxd7 {[%emt 0:01:19]} Nbxd7 {[%emt 0:00:06]} 9. Nd5 {[%emt 0:01:05]} Nxd5 {[%emt 0:01:12]} 10. Qxd5 {[%emt 0:00:02]} e6 {[%emt 0:00:23]} 11. Qg5 {[%emt 0:00:16]} a6 {[%emt 0:00:42]} 12. Be2 {[%emt 0:00:02]} h6 {[%emt 0:01:27]} 13. Qg3 {[%emt 0:00:16]} Qb8 {[%emt 0:00:46]} 14. d3 {[%emt 0:00:25]} Qxg3 {[%emt 0:00:17]} 15. hxg3 {[%emt 0:00:02]} Be7 {[%emt 0:00:28]} 16. Be3 {[%emt 0:00:29]} O-O-O {[%emt 0:00:10]} 17. O-O-O {[%emt 0:00:06]} Nf6 {[%emt 0:00:56]} 18. c4 {[%emt 0:00:38]} e5 {[%emt 0:02:48]} 19. g4 {[%emt 0:00:38]} Nd7 {[%emt 0:01:17]} 20. Rh5 {[%emt 0:00:23]} Bg5 {[%emt 0:01:59]} 21. Bxg5 {[%emt 0:01:33]} hxg5 {[%emt 0:00:02]} 22. Rdh1 {[%emt 0:01:22]} Rxh5 {[%emt 0:00:15]} 23. Rxh5 {[%emt 0:00:03]} g6 {[%emt 0:00:07]} 24. Rh7 {[%emt 0:00:31]} Rf8 {[%emt 0:00:07]} 25. Bf3 {[%emt 0:00:22]} Nf6 {[%emt 0:00:23]} 26. Rh1 {[%emt 0:00:28]} Kc7 {[%emt 0:00:16]} 27. Kc2 {[%emt 0:00:04]} b6 {[%emt 0:00:08]} 28. a3 {[%emt 0:00:03]} a5 {[%emt 0:00:51]} 29. b3 {[%emt 0:00:42]} Re8 {[%emt 0:00:20]} 30. Re1 {[%emt 0:00:01]} Kd6 {[%emt 0:00:09]} 31. Kc3 {[%emt 0:00:02]} Rh8 {[%emt 0:01:15]} 32. b4 {[%emt 0:00:01]} axb4+ {[%emt 0:00:45]} 33. axb4 {[%emt 0:00:02]} cxb4+ {[%emt 0:00:06]} 34. Kxb4 {[%emt 0:00:01]} Rh4 {[%emt 0:00:34]} 35. Kb5 {[%emt 0:00:04]} Nxg4 {[%emt 0:00:45]} 36. Kxb6 {[%emt 0:00:15]} Nxf2 {[%emt 0:00:47]} 37. c5+ {[%emt 0:00:19]} Ke6 {[%emt 0:00:06]} 38. Rb1 {[%emt 0:01:47]} Nxd3 {[%emt 0:00:46]} 39. c6 {[%emt 0:00:02]} Rc4 {[%emt 0:00:50]} 40. c7 {[%emt 0:00:12]} Kd7 {[%emt 0:00:16]} 41. Rd1 {[%emt 0:00:32]} Rb4+ {[%emt 0:00:03]} 42. Ka5 {[%emt 0:00:01]} Rd4 {[%emt 0:00:12]} 43. Kb6 {[%emt 0:00:12]} e4 {[%emt 0:00:17]} 44. Bxe4 {[%emt 0:00:04]} Rb4+ {[%emt 0:00:02]} 45. Ka5 {[%emt 0:00:12]} Rxe4 {[%emt 0:00:03]} 46. Rxd3+ {[%emt 0:00:06]} Kxc7 {[%emt 0:00:00]} 47. Kb5 {[%emt 0:00:15]} f5 {[%emt 0:00:13]} 48. Kc5 {[%emt 0:00:03]} Re2 {[%emt 0:00:09]} 49. g3 {[%emt 0:00:04]} Re5+ {[%emt 0:00:22]} 50. Kd4 {[%emt 0:00:06]} Kd6 {[%emt 0:00:05]} 51. Ra3 {[%emt 0:00:01]} Re4+ {[%emt 0:00:10]} 52. Kd3 {[%emt 0:00:02]} Ke7 {[%emt 0:00:08]} 53. Kd2 {[%emt 0:00:17]} Kf6 {[%emt 0:00:11]} 54. Ra6+ {[%emt 0:00:09]} Kg7 {[%emt 0:00:03]} 55. Ra8 {[%emt 0:00:03]} Re7 {[%emt 0:00:29]} 56. Ra4 {[%emt 0:00:08]} g4 {[%emt 0:00:18]} 57. Ra8 {[%emt 0:00:07]} Kf6 {[%emt 0:00:04]} 58. Rf8+ {[%emt 0:00:09]} Kg5 {[%emt 0:00:01]} 59. Ra8 {[%emt 0:00:07]} Re5 {[%emt 0:00:04]} 60. Rf8 {[%emt 0:00:06]} Re4 {[%emt 0:00:05]} 61. Rf7 {[%emt 0:00:06]} f4 {[%emt 0:00:08]} 62. gxf4+ {[%emt 0:00:04]} Rxf4 {[%emt 0:00:01]} 63. Rh7 {[%emt 0:00:06]} g3 {[%emt 0:00:02]} 64. Rh1 {[%emt 0:00:03]} Kg4 {[%emt 0:00:02]} 65. Ke3 {[%emt 0:00:02]} Rf8 {[%emt 0:00:02]} 66. Rg1 {[%emt 0:00:01]} Re8+ {[%emt 0:00:07]} 67. Kd4 {[%emt 0:00:04]} Kf3 {[%emt 0:00:03]} 0-1

[Event "Kupreichik Memorial Open 2018"]
[Site "Minsk"]
[Date "2018.06.23"]
[Round "11"]
[White "Rakhmangulova, Anastasiya"]
[Black "Runets, Ivan"]
[Result "1-0"]
[WhiteElo "2244"]
[BlackElo "2010"]
[Annotator "NA"]
[PlyCount "69"]
[EventDate "2018.06.21"]
[EventCountry "BLR"]
[SourceTitle "playchess.com"]
[Source "ChessBase"]
[SourceQuality "1"]
[TimeControl "900+10"]

1. e4 {[%emt 0:00:00]} c5 {[%emt 0:00:01]} 2. Nf3 {[%emt 0:00:00]} e6 {[%emt 0:00:01]} 3. d4 {[%emt 0:00:00]} cxd4 {[%emt 0:00:01]} 4. Nxd4 {[%emt 0:00:00]} Nf6 {[%emt 0:00:01]} 5. Nc3 {[%emt 0:00:00]} Nc6 {[%emt 0:00:01]} 6. Ndb5 {[%emt 0:00:00]} d6 {[%emt 0:00:01]} 7. Bf4 {[%emt 0:00:00]} e5 {[%emt 0:00:01]} 8. Bg5 {[%emt 0:00:00]} a6 {[%emt 0:00:02]} 9. Na3 {[%emt 0:00:04]} b5 {[%emt 0:00:01]} 10. Bxf6 {[%emt 0:00:04]} gxf6 {[%emt 0:00:02]} 11. Nd5 {[%emt 0:00:01]} Bg7 {[%emt 0:02:32]} 12. Bd3 {[%emt 0:01:45]} Be6 {[%emt 0:02:11]} 13. O-O {[%emt 0:00:32]} f5 {[%emt 0:00:26]} 14. c4 {[%emt 0:01:21]} bxc4 {[%emt 0:02:29]} 15. Nxc4 {[%emt 0:00:02]} O-O {[%emt 0:00:19]} 16. Ncb6 {[%emt 0:00:46]} fxe4 {[%emt 0:01:03]} 17. Bxe4 {[%emt 0:01:01]} Rb8 {[%emt 0:00:27]} 18. Bxh7+ {[%emt 0:00:32]} Kxh7 {[%emt 0:01:21]} 19. Qc2+ {[%emt 0:00:00]} f5 {[%emt 0:00:47]} 20. Qxc6 {[%emt 0:00:02]} Bf7 {[%emt 0:02:31]} 21. Nd7 {[%emt 0:02:17]} Rc8 22. Qxd6 Bxd5 {[%emt 0:04:09]} 23. Qxd5 {[%emt 0:00:47]} Re8 {[%emt 0:00:19]} 24. Rad1 {[%emt 0:00:53]} Qe7 {[%emt 0:00:09]} 25. Rd3 {[%emt 0:02:33]} Rcd8 {[%emt 0:00:13]} 26. Rh3+ {[%emt 0:00:17]} Kg6 {[%emt 0:00:08]} 27. Rd1 {[%emt 0:00:30]} Rh8 {[%emt 0:00:12]} 28. Qc6+ {[%emt 0:04:36]} Kf7 {[%emt 0:00:07]} 29. Rxh8 {[%emt 0:00:02]} Rxh8 {[%emt 0:00:13]} 30. Nc5 {[%emt 0:00:19]} Qf6 {[%emt 0:00:11]} 31. Rd7+ {[%emt 0:01:15]} Kg8 {[%emt 0:00:02]} 32. Ne6 {[%emt 0:00:17]} Rh6 {[%emt 0:00:18]} 33. Qc8+ {[%emt 0:00:06]} Bf8 {[%emt 0:00:06]} 34. Nxf8 {[%emt 0:00:04]} Qc6 {[%emt 0:00:04]} 35. Rc7 {[%emt 0:00:20]} 1-0

[Event "Kupreichik Memorial Open 2018"]
[Site "Minsk"]
[Date "2018.06.23"]
[Round "11"]
[White "Sirotkina, Nina"]
[Black "Zhukova, Natalia"]
[Result "0-1"]
[WhiteElo "2116"]
[BlackElo "2356"]
[Annotator "NA"]
[PlyCount "52"]
[EventDate "2018.06.21"]
[EventCountry "BLR"]
[SourceTitle "playchess.com"]
[Source "ChessBase"]
[SourceQuality "1"]
[TimeControl "900+10"]

1. d4 {[%emt 0:00:00]} Nf6 {[%emt 0:00:02]} 2. Bf4 {[%emt 0:00:00]} d5 {[%emt 0:00:06]} 3. e3 {[%emt 0:00:03]} e6 {[%emt 0:00:04]} 4. Nf3 {[%emt 0:00:10]} c5 {[%emt 0:00:03]} 5. c3 {[%emt 0:00:05]} Nc6 {[%emt 0:00:02]} 6. Nbd2 {[%emt 0:00:39]} Be7 {[%emt 0:00:08]} 7. Bd3 {[%emt 0:00:20]} Nh5 {[%emt 0:00:05]} 8. Bg3 {[%emt 0:00:39]} g6 {[%emt 0:00:58]} 9. O-O {[%emt 0:03:24]} O-O {[%emt 0:00:43]} 10. Qe2 {[%emt 0:00:20]} Nxg3 {[%emt 0:00:15]} 11. hxg3 {[%emt 0:00:01]} Qc7 {[%emt 0:01:25]} 12. dxc5 {[%emt 0:01:25]} Bxc5 {[%emt 0:00:02]} 13. e4 {[%emt 0:00:03]} Qxg3 {[%emt 0:01:04]} 14. Nb3 {[%emt 0:00:58]} Bb6 {[%emt 0:00:12]} 15. Nbd4 {[%emt 0:01:24]} Qf4 {[%emt 0:00:34]} 16. Rfd1 {[%emt 0:01:42]} Bd7 {[%emt 0:02:38]} 17. e5 {[%emt 0:01:23]} f6 {[%emt 0:00:40]} 18. exf6 {[%emt 0:00:59]} Rxf6 {[%emt 0:00:07]} 19. Bb5 {[%emt 0:00:49]} Bc7 {[%emt 0:02:00]} 20. g3 {[%emt 0:02:09]} Qg4 {[%emt 0:00:25]} 21. Nh2 {[%emt 0:00:45]} Qxe2 {[%emt 0:00:31]} 22. Nxe2 {[%emt 0:00:02]} h5 {[%emt 0:00:56]} 23. Rd2 {[%emt 0:00:39]} Bb6 {[%emt 0:00:06]} 24. Nd4 {[%emt 0:00:22]} Raf8 {[%emt 0:00:21]} 25. Rf1 {[%emt 0:00:26]} e5 {[%emt 0:00:53]} 26. Nb3 {[%emt 0:00:07]} Bh3 {[%emt 0:00:06]} 0-1

[Event "Kupreichik Memorial Open 2018"]
[Site "Minsk"]
[Date "2018.06.23"]
[Round "11"]
[White "Vashchilov, Sergey"]
[Black "Shevchenko, Kirill"]
[Result "0-1"]
[WhiteElo "2087"]
[BlackElo "2554"]
[Annotator "TA"]
[PlyCount "122"]
[EventDate "2018.06.21"]
[EventCountry "BLR"]
[SourceTitle "playchess.com"]
[Source "ChessBase"]
[SourceQuality "1"]

{[%evp 12,122,16,12,20,15,23,20,10,0,0,0,30,27,33,28,31,9,18,6,48,46,64,23,47,25,38,18,20,0,0,0,0,-15,-6,-29,-26,-26,-18,-26,-24,-29,-29,-39,-37,-43,-45,-54,-52,-47,-30,-58,-17,-35,-20,-27,0,0,0,0,0,0,0,0,0,0,0,0,0,0,0,0,0,0,0,0,0,0,22,0,0,0,6,11,11,0,0,0,0,0,0,0,0,0,0,-106,-106,-743,-770,-739,-732,-1563,-1374,-1515,-1181,-2232,-2182,-5170,-3387,-5406,-5397,-29975,-29974]} 1. e4 c5 2. b3 b6 3. Bb2 Bb7 4. Nc3 Nc6 5. Nf3 e6 6. d4 cxd4 7. Nxd4 {LiveBook: 29 Partien} Nxd4 {B40: Sizilianisch (Klassisches System mit e7-e6)} (7... Nf6 8. Nxc6 Bxc6 9. Bd3 Qc7 10. Qe2 Bc5 11. e5 Nd5 12. Nxd5 Bxd5 13. O-O-O a5 14. Bb5 O-O 15. f3 {0-1 (32) Novikov,S (2568)-Kobalia,M (2666) Moscow 2011}) 8. Qxd4 Nf6 9. f3 Bc5 {Die Stellung ist ausgeglichen.} 10. Qd2 O-O 11. O-O-O d5 12. exd5 Nxd5 13. Nxd5 Bxd5 14. Qf4 {[#] Droht stark c4.} Qe7 $146 ({Vorgänger:} 14... Be7 15. Kb1 {0-1 (59) Burchard,T-Jaeger,F Tromsoe 1985}) 15. Kb1 Rad8 16. Bd3 Bd6 17. Qe3 Qh4 18. g3 Qh5 {Und weiter mit ...Lc5 wäre nett.} 19. Be2 Bc5 20. Qe5 (20. Qc3 {keeps more tension.} Qh6 21. h4 Be7 22. Qc7 Bf6 23. Bc1) 20... Qxe5 21. Bxe5 f6 $36 {[%mdl 2048] Schwarz hat Initiative.} 22. Bb2 Kf7 23. Rd3 Bb7 24. Rhd1 Ke7 25. Rxd8 Rxd8 26. Rxd8 Kxd8 $11 {[%mdl 4096] Endspiel KLL-KLL} 27. g4 e5 {[%cal Be6e5,Be5e4][%mdl 32]} 28. Bc1 Ke7 29. c3 e4 30. f4 $1 Bg1 31. h4 f5 32. Ba3+ Kf6 33. g5+ Kf7 34. h5 Bd5 35. Bd6 Be3 36. Be5 Be6 37. Kc2 g6 38. h6 Ke7 39. Bb5 Kd8 40. Kd1 Bf7 41. Ke2 Bc5 42. Ba6 Bd5 43. Bb5 Ke7 44. Ba6 Bc6 45. Bc4 b5 46. Bg8 {Droht Ld4 und aus.} Kf8 47. Be6 {Weiss will Lg7+ spielen.} ({Auf keinen Fall} 47. Bxh7 $6 Kf7 $18) 47... Be8 $1 48. Bd5 {Schwarz muss nun b4 beachten.} a5 {[%cal Ba7a5,Ba5a4,Ba4a3][%mdl 32]} 49. Bg7+ Ke7 50. Be5 a4 51. b4 Bb6 52. Bf6+ Kf8 53. Be5 {[#]} (53. Bg7+ $11 {hält das Gleichgewicht.} Ke7 54. Be5) 53... Bf7 $1 $17 {[%cal Rf7d5]} 54. Bc6 $2 {[%mdl 8192]} (54. Bg7+ $17 Kg8 55. Bxf7+ Kxf7 56. Be5) 54... Bc4+ $19 55. Ke1 a3 56. Bd7 Be3 57. Kd1 Bxa2 58. Bxb5 Bb3+ 59. Ke1 Bc1 60. Bg7+ Kf7 61. c4 Bb2 {Precision: Weiß = 33%, Schwarz = 72%.} 0-1

[Event "Kupreichik Memorial Open 2018"]
[Site "Minsk"]
[Date "2018.06.23"]
[Round "11"]
[White "Shaban, Alena"]
[Black "Stsepkina, Yauheniya"]
[Result "0-1"]
[WhiteElo "2027"]
[BlackElo "1591"]
[Annotator "NA"]
[PlyCount "96"]
[EventDate "2018.06.21"]
[EventCountry "BLR"]
[SourceTitle "playchess.com"]
[Source "ChessBase"]
[SourceQuality "1"]
[TimeControl "900+10"]

1. Nf3 {[%emt 0:00:00]} Nf6 {[%emt 0:00:01]} 2. g3 {[%emt 0:00:00]} g6 {[%emt 0:00:01]} 3. Bg2 {[%emt 0:00:00]} Bg7 {[%emt 0:00:01]} 4. O-O {[%emt 0:00:00]} O-O {[%emt 0:00:01]} 5. d3 {[%emt 0:00:00]} d5 {[%emt 0:00:02]} 6. Nbd2 {[%emt 0:00:00]} c5 {[%emt 0:00:03]} 7. e4 {[%emt 0:00:00]} Nc6 {[%emt 0:00:14]} 8. Re1 {[%emt 0:00:33]} e6 {[%emt 0:00:12]} 9. Qe2 {[%emt 0:00:23]} Qc7 {[%emt 0:00:21]} 10. Nf1 {[%emt 0:00:13]} b6 {[%emt 0:00:21]} 11. e5 {[%emt 0:00:09]} Nd7 {[%emt 0:00:14]} 12. Bf4 {[%emt 0:00:01]} h6 {[%emt 0:00:04]} 13. h4 {[%emt 0:00:01]} Bb7 {[%emt 0:00:04]} 14. Ne3 {[%emt 0:01:49]} Ncxe5 {[%emt 0:00:41]} 15. Nxe5 {[%emt 0:00:03]} Nxe5 {[%emt 0:00:51]} 16. Nxd5 {[%emt 0:00:13]} exd5 {[%emt 0:00:55]} 17. Bxe5 {[%emt 0:00:02]} Qd7 {[%emt 0:00:12]} 18. Bxg7 {[%emt 0:00:37]} Kxg7 {[%emt 0:00:10]} 19. Qe7 {[%emt 0:00:42]} Rad8 {[%emt 0:00:13]} 20. Qe5+ {[%emt 0:00:25]} f6 {[%emt 0:00:37]} 21. Qe7+ {[%emt 0:00:49]} Rf7 {[%emt 0:00:01]} 22. Qxd7 {[%emt 0:00:10]} Rdxd7 {[%emt 0:00:08]} 23. Re6 {[%emt 0:01:06]} Rfe7 {[%emt 0:00:06]} 24. Rae1 {[%emt 0:00:01]} Rxe6 {[%emt 0:00:16]} 25. Rxe6 {[%emt 0:00:01]} Kf7 {[%emt 0:00:01]} 26. Re2 {[%emt 0:00:37]} Re7 {[%emt 0:00:09]} 27. Kf1 {[%emt 0:00:04]} Rxe2 {[%emt 0:01:13]} 28. Kxe2 {[%emt 0:00:01]} Ke6 {[%emt 0:00:02]} 29. c3 {[%emt 0:00:05]} g5 {[%emt 0:00:32]} 30. Ke3 {[%emt 0:00:41]} d4+ {[%emt 0:00:09]} 31. cxd4 {[%emt 0:00:13]} Bxg2 {[%emt 0:00:06]} 32. dxc5 {[%emt 0:00:23]} bxc5 {[%emt 0:00:02]} 33. d4 {[%emt 0:00:18]} gxh4 {[%emt 0:02:16]} 34. gxh4 {[%emt 0:00:01]} cxd4+ {[%emt 0:01:39]} 35. Kxd4 {[%emt 0:00:03]} Kf5 {[%emt 0:00:04]} 36. Ke3 {[%emt 0:00:06]} Kg4 {[%emt 0:00:08]} 37. b4 {[%emt 0:00:18]} Kxh4 {[%emt 0:00:21]} 38. Kf4 {[%emt 0:00:07]} Bc6 {[%emt 0:00:30]} 39. Kf5 {[%emt 0:00:10]} h5 {[%emt 0:00:08]} 40. Kxf6 {[%emt 0:00:01]} Kg4 {[%emt 0:00:02]} 41. Ke5 {[%emt 0:00:06]} Kf3 {[%emt 0:00:09]} 42. Kf5 {[%emt 0:00:07]} h4 {[%emt 0:00:05]} 43. Ke6 {[%emt 0:00:10]} h3 {[%emt 0:00:03]} 44. Kd6 {[%emt 0:00:02]} Bb5 {[%emt 0:00:07]} 45. Kc5 {[%emt 0:00:02]} a6 {[%emt 0:00:01]} 46. Kb6 {[%emt 0:00:03]} h2 {[%emt 0:00:02]} 47. a4 {[%emt 0:00:01]} Bxa4 {[%emt 0:00:02]} 48. Kxa6 {[%emt 0:00:02]} h1=Q {[%emt 0:00:10]} 0-1

[Event "Kupreichik Memorial Open 2018"]
[Site "Minsk"]
[Date "2018.06.23"]
[Round "11"]
[White "Tsaruk, Maksim"]
[Black "Aleksandrov, Aleksej"]
[Result "0-1"]
[WhiteElo "1980"]
[BlackElo "2580"]
[Annotator "TA"]
[PlyCount "64"]
[EventDate "2018.06.21"]
[EventCountry "BLR"]
[SourceTitle "playchess.com"]
[Source "ChessBase"]
[SourceQuality "1"]

{[%evp 16,64,20,-19,-20,-9,0,3,50,34,26,-33,-22,-43,-37,-33,183,182,191,115,111,101,114,25,24,0,0,0,-6,-185,-178,-412,-433,-372,-252,-247,-254,-251,-247,-251,-254,-329,-301,-519,-384,-608,-566,-632,-625,-886,-885]} 1. e4 e5 2. Nf3 Nc6 3. Bb5 a6 4. Ba4 Nf6 5. O-O Be7 6. d3 b5 7. Bb3 O-O 8. a4 b4 9. Bd5 {LiveBook: 5 Games. C84: Closed Ruy Lopez: Unusual White 6th moves} (9. Nbd2 d6 10. Nc4 Rb8 11. h3 h6 12. c3 bxc3 13. bxc3 Be6 14. Ba2 Nd7 15. Qe2 Kh7 16. d4 exd4 17. cxd4 {0-1 (30) Jakovenko,D (2710)-Kovalev,V (2636) Sochi 2017}) 9... Nxd5 10. exd5 Nd4 11. Nxe5 {The position is equal.} b3 12. cxb3 Rb8 13. Nd2 (13. Ra2 $11) 13... Bb7 $15 {[%mdl 1024] Black has compensation.} 14. Qg4 Nc2 15. Rb1 f5 $146 (15... Bxd5 $15 {keeps the upper hand.} 16. Qxd7 f6 17. Qxd8 Rfxd8) ({Predecessor:} 15... Bxd5 16. Qxd7 {0-1 (41) Moskvitin,V (2170)-Frolov,D (2350) St Petersburg 1998}) 16. Qc4 $18 Bd6 17. Nc6 (17. Qxc2 $6 Bxe5 18. Nc4 Bd4 $14) ({White should play} 17. Ndf3 $18) 17... dxc6 $16 18. dxc6+ Kh8 {White must now prevent ...Bxc6!} 19. cxb7 (19. Qxc2 $16 Ba8 20. h3) 19... Nd4 $1 $11 20. Re1 (20. Qxa6 Bxh2+ $1 {[%mdl 512]} 21. Kh1 Qh4 22. Nf3 Nxf3 23. Bg5 Nxg5 24. Rfe1 Nf3 $1 {[%mdl 512]} 25. Qh6 gxh6 26. gxf3 Rg8 27. Rf1 Bf4#) 20... Rxb7 {Threatens to win with ...Rb4.} 21. Nf1 ({Not} 21. Qxa6 $2 Rb6 $19) 21... Rb4 22. Qxa6 $2 {[#]} (22. Qc3 $1 $11 {and White stays safe.}) 22... Rb6 $1 $36 {[%cal Rb6a6][%mdl 2048] White is under strong pressure.} 23. Qa5 $2 (23. Qc4 {was the only chance.} Rc6 24. Bg5) 23... Bb4 24. Qe5 Re6 25. Qxe6 Nxe6 26. Rxe6 Qxd3 27. Ra1 {[#]} f4 $1 {Strongly threatening ...Qd5.} ({But not} 27... Qxb3 28. Re5 $17) 28. a5 Qd5 ({Less strong is} 28... Qxb3 29. Re4 $17) 29. Ra6 $2 (29. Ra4 {is the only way for White.}) 29... h6 30. Rg6 (30. g3 $142 fxg3 31. hxg3) 30... Kh7 {Black is clearly winning.} 31. Rg4 g5 32. h4 Qd1 {Precision: White = 21%, Black = 68%.} 0-1

[Event "Kupreichik Memorial Open 2018"]
[Site "Minsk"]
[Date "2018.06.23"]
[Round "11"]
[White "Ilyuchyk, Yana"]
[Black "Osmolny, Vladimir I"]
[Result "1-0"]
[WhiteElo "1971"]
[BlackElo "2211"]
[Annotator "NA"]
[PlyCount "71"]
[EventDate "2018.06.21"]
[EventCountry "BLR"]
[SourceTitle "playchess.com"]
[Source "ChessBase"]
[SourceQuality "1"]
[TimeControl "900+10"]

1. e4 {[%emt 0:00:00]} c5 {[%emt 0:00:01]} 2. Nf3 {[%emt 0:00:00]} Nf6 {[%emt 0:00:02]} 3. Nc3 {[%emt 0:00:06]} d6 {[%emt 0:00:09]} 4. d4 {[%emt 0:00:05]} cxd4 {[%emt 0:00:01]} 5. Nxd4 {[%emt 0:00:02]} a6 {[%emt 0:00:02]} 6. g3 {[%emt 0:00:03]} e5 {[%emt 0:00:10]} 7. Nde2 {[%emt 0:00:02]} Be6 {[%emt 0:00:13]} 8. Bg2 {[%emt 0:00:04]} Nbd7 {[%emt 0:00:12]} 9. O-O {[%emt 0:00:22]} b5 {[%emt 0:00:47]} 10. a4 {[%emt 0:00:31]} b4 {[%emt 0:00:07]} 11. Nd5 {[%emt 0:00:03]} Bxd5 {[%emt 0:00:16]} 12. exd5 {[%emt 0:00:02]} Be7 {[%emt 0:00:18]} 13. a5 {[%emt 0:00:12]} Nc5 {[%emt 0:00:29]} 14. Be3 {[%emt 0:01:46]} Nfd7 {[%emt 0:00:08]} 15. f4 {[%emt 0:01:09]} Rb8 {[%emt 0:03:31]} 16. fxe5 {[%emt 0:00:51]} dxe5 {[%emt 0:00:02]} 17. d6 {[%emt 0:00:46]} Bf6 {[%emt 0:00:42]} 18. Bc6 {[%emt 0:03:53]} O-O {[%emt 0:03:17]} 19. Qd5 {[%emt 0:00:04]} Ne6 {[%emt 0:00:43]} 20. Ba7 {[%emt 0:00:34]} Rc8 {[%emt 0:00:15]} 21. c3 {[%emt 0:00:09]} bxc3 {[%emt 0:00:48]} 22. bxc3 {[%emt 0:00:13]} e4 {[%emt 0:03:37]} 23. Bb7 {[%emt 0:01:28]} Rc5 {[%emt 0:01:15]} 24. Bxc5 Ndxc5 {[%emt 0:00:37]} 25. Bc6 {[%emt 0:00:35]} Bg5 {[%emt 0:00:28]} 26. Kg2 {[%emt 0:00:57]} Be3 {[%emt 0:00:22]} 27. Nd4 {[%emt 0:00:50]} h5 {[%emt 0:00:41]} 28. Rae1 {[%emt 0:01:11]} Bh6 {[%emt 0:00:21]} 29. Nxe6 {[%emt 0:00:13]} Nxe6 {[%emt 0:00:01]} 30. Rxe4 {[%emt 0:00:10]} Ng5 {[%emt 0:00:05]} 31. Ref4 {[%emt 0:00:23]} Kh8 {[%emt 0:00:19]} 32. h4 {[%emt 0:00:08]} Nh7 {[%emt 0:00:08]} 33. Rxf7 {[%emt 0:00:09]} Rxf7 {[%emt 0:00:12]} 34. Qxf7 {[%emt 0:00:19]} Nf6 {[%emt 0:00:03]} 35. d7 {[%emt 0:00:47]} Qb8 {[%emt 0:00:25]} 36. Rxf6 {[%emt 0:00:13]} 1-0